Normal view
MARC view
- Palau Vera, Juan,
Entry Nombre Personal
001 - NUMERO DE CONTROL
- campo de control: 51927
003 - IDENTIFICADOR DE NUMERO DE CONTROL
- campo de control: MX-MxUPN
005 - FECHA Y HORA DE LA ÜLTIMA TRANSACCIÓN
- campo de control: 20240513164326.0
008 - DATOS DE LONGITUD FIJA
- campo de control de longitud fija: 240513|| acn||aabn | aaa d
040 ## - FUENTE DE CATALOGACIÓN
- Agencia original de catalogación: MX-MxUPN
- Lenguaje de catalogación: spa
- Agencia de transcripción: MX-MxUPN
100 1# - ENCABEZAMIENTO - NOMBRE PERSONAL
- Nombre personal: Palau Vera, Juan,
- Fechas asociadas con el nombre: 1875-1919
370 ## - LUGAR ASOCIADO
- Fuente del término: $naf
- Place of birth: Carabobo (Venezuela :Estado)
- Place of death: Cataluña (España)
374 ## - OCUPACIÓN
- Occupation: Geógrafo
- Occupation: Pedagógo
- Occupation: Filósofo
400 1# - VEÁSE - NOMBRE DE PERSONA
- Personal name: Palau Vera, J.
670 ## - FUENTE EN LA QUE SE LOCALIZARON DATOS
- Cita de la fuente: Autoridades BNM, 13 mayo 2024:
- Información localizada: (Palau Vera, Juan (1875-1919))
670 ## - FUENTE EN LA QUE SE LOCALIZARON DATOS
- Cita de la fuente: Geometría : Estudio de las formas, 1914:
- Información localizada: cubierta (J. Palau Vera) portada (Licenciado en Filosofía)
902 ## - CATALOGADOR
- Catalogador: MaríaRobles/130524
